[Event "World Junior Chess Championship U18 b"]
[Site "Gaziantep"]
[Date "2008.08.04"]
[Round "2.32"]
[White "Ertan, Can"]
[Black "Iturrizaga, Bonelli Eduardo Pat"]
[Result "0-1"]
[WhiteElo "2149"]
[BlackElo "2561"]
[PlyCount "72"]
[EventDate "2008.08.??"]
[EventType "swiss"]
[EventRounds "13"]
[EventCountry "TUR"]

1. e4 c5 2. Nf3 Nc6 3. d4 cxd4 4. Nxd4 g6 5. c4 Nf6 6. Nc3 d6 7. Be2 Bg7 8. Be3
O-O 9. O-O Bd7 10. Kh1 Nxd4 11. Bxd4 Bc6 12. f4 a5 13. Bf3 Nd7 14. Bxg7 Kxg7
15. Qd4+ f6 16. Bg4 Nc5 17. e5 Qb6 18. exf6+ Rxf6 19. Rae1 Re8 20. Nd5 Bxd5 21.
cxd5 Qb4 22. Qxb4 axb4 23. Rd1 Ra8 24. Rd4 Rxa2 25. Rxb4 Nd3 26. Rd4 Rxf4 27.
Rdxf4 Nxf4 28. Be6 Ra8 29. g3 Nxe6 30. dxe6 Rf8 31. Rc1 Rf2 32. Rc4 Kf6 33. Rb4
Kxe6 34. Rxb7 d5 35. Kg1 Rc2 36. b4 d4 0-1

[Event "World Junior Chess Championship U18 b"]
[Site "Gaziantep"]
[Date "2008.08.04"]
[Round "2.33"]
[White "Ramirez, Alejandro"]
[Black "Sousa, Ricardo"]
[Result "1-0"]
[WhiteElo "2531"]
[BlackElo "2133"]
[PlyCount "71"]
[EventDate "2008.08.??"]
[EventType "swiss"]
[EventRounds "13"]
[EventCountry "TUR"]

1. d4 g6 2. c4 Nf6 3. Nc3 Bg7 4. e4 d6 5. Nf3 O-O 6. Be2 e5 7. O-O Nc6 8. d5
Ne7 9. b4 Kh8 10. Nd2 Neg8 11. c5 Ne8 12. Nc4 f5 13. exf5 gxf5 14. f4 e4 15.
Bb2 Ngf6 16. Rc1 h6 17. Ne3 Kh7 18. Nb5 Bh8 19. Nd4 Ng7 20. Bc4 Qe7 21. Kh1 h5
22. cxd6 cxd6 23. Ne6 Bxe6 24. dxe6 Ng4 25. Bxg7 Bxg7 26. Qe2 Nxe3 27. Qxe3 b6
28. Bd5 Rac8 29. Qh3 Kg6 30. Qb3 Bh6 31. Bc6 Rg8 32. Rc3 Kh7 33. Qd5 Rcf8 34.
Bd7 Bxf4 35. Rxf4 Qg7 36. Qd2 1-0

[Event "World Junior Chess Championship U18 b"]
[Site "Gaziantep"]
[Date "2008.08.04"]
[Round "2.34"]
[White "Karthikeyan, Pandian"]
[Black "Ilic, Slavisa"]
[Result "1-0"]
[WhiteElo "2402"]
[BlackElo "2081"]
[PlyCount "55"]
[EventDate "2008.08.??"]
[EventType "swiss"]
[EventRounds "13"]
[EventCountry "TUR"]

1. d4 Nf6 2. c4 c6 3. Nc3 d5 4. Nf3 e6 5. e3 Nbd7 6. Qc2 Bd6 7. g4 h6 8. Rg1 e5
9. cxd5 cxd5 10. Nb5 Bb8 11. dxe5 Nxe5 12. Nxe5 Bxe5 13. f4 Ne4 14. fxe5 Qh4+
15. Rg3 O-O 16. Bd3 Nxg3 17. Qf2 Bxg4 18. Qxg3 Qh5 19. Bd2 f6 20. e6 f5 21. e7
Rf6 22. Kf2 Rg6 23. Rg1 Kh7 24. h3 Rb6 25. Qxg4 Qf7 26. Qxf5+ Qxf5+ 27. Bxf5+
Kg8 28. Bd7 1-0

[Event "World Junior Chess Championship U18 b"]
[Site "Gaziantep"]
[Date "2008.08.04"]
[Round "2.35"]
[White "Enchev, Ivajlo"]
[Black "Aydogdu, Ataman"]
[Result "1-0"]
[WhiteElo "2367"]
[BlackElo "2050"]
[PlyCount "103"]
[EventDate "2008.08.??"]
[EventType "swiss"]
[EventRounds "13"]
[EventCountry "TUR"]

1. c4 Nf6 2. Nc3 g6 3. e4 d6 4. d4 Bg7 5. Nf3 O-O 6. Be2 e5 7. O-O Nc6 8. d5
Ne7 9. Ne1 Ne8 10. f3 f5 11. Be3 f4 12. Bf2 g5 13. c5 Ng6 14. Rc1 Rf7 15. Qb3
h5 16. cxd6 cxd6 17. Nb5 g4 18. fxg4 hxg4 19. Nxa7 Bd7 20. Bb5 Qg5 21. Bxd7
Rxd7 22. Rc3 Bf8 23. g3 Rh7 24. Bb6 Qh5 25. Rf2 Bh6 26. Kf1 fxg3 27. Rxg3 Bf4
28. Rgg2 Nf6 29. Qb4 Rf8 30. Nb5 Qh3 31. Ke2 Nh4 32. Nxd6 Nxg2 33. Rxg2 Bxh2
34. Nf5 Nh5 35. Kd1 Nf4 36. Rd2 Bg3 37. Nxg3 Qxg3 38. d6 Rh1 39. Qc4+ Kh7 40.
Bf2 Qf3+ 41. Kc2 Rxe1 42. Bxe1 Ng2 43. Bf2 g3 44. Bb6 Ne1+ 45. Kb1 Qf4 46. Rd1
Nf3 47. Qc7+ Rf7 48. d7 Nd2+ 49. Ka1 Qf1 50. Qc2 Rxd7 51. Rxf1 Nxf1 52. a4 1-0

[Event "World Junior Chess Championship U18 b"]
[Site "Gaziantep"]
[Date "2008.08.04"]
[Round "2.36"]
[White "Sirin, Atakan"]
[Black "Pacher, Milan"]
[Result "0-1"]
[WhiteElo "2107"]
[BlackElo "2361"]
[PlyCount "60"]
[EventDate "2008.08.??"]
[EventType "swiss"]
[EventRounds "13"]
[EventCountry "TUR"]

1. d4 Nf6 2. Nc3 d5 3. Bg5 Nbd7 4. Qd3 h6 5. Bh4 e6 6. O-O-O Be7 7. Nf3 O-O 8.
h3 b6 9. g4 Bb7 10. Bxf6 Nxf6 11. Bg2 Ne4 12. Rhf1 c5 13. Ne5 Nxc3 14. Qxc3 Rc8
15. f4 cxd4 16. Qxd4 Qc7 17. Rd2 Bc5 18. Qd3 Bb4 19. c3 d4 20. Bxb7 dxc3 21.
Rc2 Qxb7 22. bxc3 Rxc3 23. Rxc3 Bxc3 24. Kb1 Bxe5 25. fxe5 Qc7 26. Qe3 Rc8 27.
Rf3 Qc2+ 28. Ka1 Qd1+ 29. Kb2 Rc2+ 30. Ka3 Qd5 0-1

[Event "World Junior Chess Championship U18 b"]
[Site "Gaziantep"]
[Date "2008.08.04"]
[Round "2.37"]
[White "Kulakov, Viacheslav"]
[Black "Deruni, Berc"]
[Result "1-0"]
[WhiteElo "2360"]
[BlackElo "2032"]
[PlyCount "71"]
[EventDate "2008.08.??"]
[EventType "swiss"]
[EventRounds "13"]
[EventCountry "TUR"]

1. e4 c5 2. Nf3 d6 3. c3 Nf6 4. Bc4 Nc6 5. Qe2 Bg4 6. d3 e6 7. Bg5 Be7 8. Nbd2
O-O 9. Bb3 d5 10. h3 Bh5 11. O-O Re8 12. Rfe1 d4 13. g4 Bg6 14. cxd4 Nxd4 15.
Nxd4 Qxd4 16. Nf3 Qb4 17. Ne5 Qd4 18. Nf3 Qb4 19. Bd2 Qb6 20. Ne5 Qc7 21. f4
Nd7 22. Nf3 Bd6 23. Qe3 f6 24. g5 Bf7 25. gxf6 gxf6 26. e5 fxe5 27. fxe5 Be7
28. Kh2 Kh8 29. Ng5 Bxg5 30. Qxg5 Bg6 31. Rg1 b5 32. Raf1 b4 33. Bf4 Nb6 34. h4
Qe7 35. Qh6 Qg7 36. Qxg7+ 1-0

[Event "World Junior Chess Championship U18 b"]
[Site "Gaziantep"]
[Date "2008.08.04"]
[Round "2.38"]
[White "Vishnu, Prasanna Vasanthan"]
[Black "Kobayashi, Atsuhiko"]
[Result "1-0"]
[WhiteElo "2341"]
[BlackElo "1936"]
[PlyCount "59"]
[EventDate "2008.08.??"]
[EventType "swiss"]
[EventRounds "13"]
[EventCountry "TUR"]

1. e4 e5 2. Nf3 Nc6 3. Bb5 a6 4. Ba4 Nf6 5. O-O b5 6. Bb3 Bc5 7. a4 Rb8 8. c3
d6 9. d4 Bb6 10. a5 Ba7 11. Re1 O-O 12. Be3 Bg4 13. dxe5 Bxf3 14. Qxf3 Nxe5 15.
Qd1 c5 16. Bg5 Qe7 17. Nd2 c4 18. Bc2 Bxf2+ 19. Kh1 Bxe1 20. Qxe1 Qe6 21. Nf1
Rfe8 22. Rd1 Nxe4 23. Qxe4 g6 24. h3 b4 25. Ne3 bxc3 26. bxc3 Rb2 27. Rd2 Ra2
28. Nd5 Rb8 29. Nf6+ Kh8 30. Qh4 1-0

[Event "World Junior Chess Championship U18 b"]
[Site "Gaziantep"]
[Date "2008.08.04"]
[Round "2.39"]
[White "Lortkipanidze, Nodar"]
[Black "Kjartansson, Gudmundur"]
[Result "1-0"]
[WhiteElo "2080"]
[BlackElo "2328"]
[PlyCount "107"]
[EventDate "2008.08.??"]
[EventType "swiss"]
[EventRounds "13"]
[EventCountry "TUR"]

1. d4 Nf6 2. Nc3 d5 3. Bg5 c6 4. Bxf6 exf6 5. Nf3 Qb6 6. Rb1 g6 7. e3 Bg4 8.
Be2 Nd7 9. O-O Qc7 10. Nd2 Be6 11. b4 Bd6 12. h3 f5 13. Na4 O-O 14. Nc5 Rfe8
15. c4 Bxc5 16. bxc5 b6 17. cxb6 axb6 18. Qc2 Ra5 19. cxd5 Bxd5 20. Bc4 Qa7 21.
Bxd5 cxd5 22. Qc6 Re6 23. Qc8+ Nf8 24. Rfc1 Rxa2 25. Nf3 f4 26. Ne5 fxe3 27.
fxe3 Qe7 28. Rc7 Qg5 29. Ng4 Rxg2+ 30. Kxg2 f5 31. Kh2 fxg4 32. Rf1 g3+ 33. Kg2
Rf6 34. Rxf6 Qxf6 35. Kxg3 Qf1 36. Rc2 h5 37. Kh2 Qd3 38. Rf2 Qa3 39. Qd8 Kg7
40. Qxd5 Nh7 41. Qe5+ Kh6 42. d5 Qc5 43. Qf4+ g5 44. Qe5 h4 45. Qe6+ Kh5 46. d6
b5 47. d7 Qc7+ 48. Kh1 b4 49. Qf7+ Kh6 50. Rf6+ Nxf6 51. Qxf6+ Kh5 52. d8=Q
Qc1+ 53. Kg2 Qc2+ 54. Kf3 1-0

[Event "World Junior Chess Championship U18 b"]
[Site "Gaziantep"]
[Date "2008.08.04"]
[Round "2.40"]
[White "Djuraev, Sokhib"]
[Black "Vural, Ozge"]
[Result "1-0"]
[WhiteElo "2324"]
[BlackElo "1853"]
[PlyCount "87"]
[EventDate "2008.08.??"]
[EventType "swiss"]
[EventRounds "13"]
[EventCountry "TUR"]

1. e4 c5 2. Nf3 d6 3. d4 cxd4 4. Nxd4 Nf6 5. Nc3 a6 6. Be2 e5 7. Nb3 Be7 8. O-O
Be6 9. f4 Qc7 10. f5 Bc4 11. Bxc4 Qxc4 12. Qd3 Qxd3 13. cxd3 Nc6 14. Bg5 Ng4
15. Bd2 Bd8 16. Nd5 Ne7 17. h3 Nxd5 18. hxg4 Bb6+ 19. Kh2 Ne3 20. Bxe3 Bxe3 21.
Rfe1 Bg5 22. Kg3 Rc8 23. Re2 b6 24. a4 Ke7 25. Rh1 Rc7 26. Na1 Rhc8 27. Kf3 h6
28. g3 f6 29. a5 b5 30. Rhh2 d5 31. exd5 Rd7 32. Nc2 Rxd5 33. Nb4 Rd4 34. Re4
Rxe4 35. Kxe4 Kd6 36. Re2 Rc1 37. Nxa6 Rg1 38. Kf3 Rd1 39. Nb4 Kc5 40. Re4 Bd2
41. Na6+ Kc6 42. Ke2 Bxa5 43. Kxd1 Kb6 44. b4 1-0

[Event "World Junior Chess Championship U18 b"]
[Site "Gaziantep"]
[Date "2008.08.04"]
[Round "2.41"]
[White "Neimer, Vitaly"]
[Black "Ramsurrup, Pratish"]
[Result "1-0"]
[WhiteElo "2316"]
[BlackElo "1809"]
[PlyCount "65"]
[EventDate "2008.08.??"]
[EventType "swiss"]
[EventRounds "13"]
[EventCountry "TUR"]

1. e4 c5 2. Nc3 Nc6 3. g3 g6 4. Bg2 Bg7 5. d3 e6 6. Be3 d6 7. Qd2 Nge7 8. Bh6
O-O 9. h4 b6 10. Nge2 Nd4 11. Bxg7 Kxg7 12. f4 Nec6 13. O-O-O e5 14. h5 Nxe2+
15. Nxe2 g5 16. h6+ Kh8 17. Rdf1 gxf4 18. gxf4 Be6 19. Nc3 Qe7 20. Bh3 Bxh3 21.
Rxh3 Qe6 22. Rh2 f5 23. Nd5 fxe4 24. dxe4 exf4 25. Rxf4 Rxf4 26. Qxf4 Rg8 27.
Rf2 Rg6 28. b3 Rxh6 29. Qf8+ Qg8 30. Qxh6 Qg1+ 31. Kb2 Qxf2 32. Nf6 Qd4+ 33. c3
1-0

[Event "World Junior Chess Championship U18 b"]
[Site "Gaziantep"]
[Date "2008.08.04"]
[Round "2.43"]
[White "Gurcan, Eray"]
[Black "Grover, Sahaj"]
[Result "0-1"]
[WhiteElo "1955"]
[BlackElo "2306"]
[PlyCount "62"]
[EventDate "2008.08.??"]
[EventType "swiss"]
[EventRounds "13"]
[EventCountry "TUR"]

1. e4 e5 2. Nf3 Nc6 3. Bb5 a6 4. Ba4 Nf6 5. Bxc6 dxc6 6. d3 Nd7 7. Nbd2 Bd6 8.
Nc4 c5 9. b3 O-O 10. Bb2 f6 11. h4 Nb8 12. h5 Nc6 13. Ne3 f5 14. exf5 Bxf5 15.
Nxf5 Rxf5 16. c3 b5 17. Qe2 a5 18. Nh4 Rf8 19. Rh3 Rf4 20. Nf3 a4 21. Bc1 Rg4
22. Nd2 Rxg2 23. Qe4 Rg1+ 24. Ke2 Qd7 25. Qd5+ Kh8 26. Rf3 Re8 27. bxa4 b4 28.
Bb2 bxc3 29. Bxc3 Nd4+ 30. Ke3 Qg4 31. Rxg1 Qf4+ 0-1

[Event "World Junior Chess Championship U18 b"]
[Site "Gaziantep"]
[Date "2008.08.04"]
[Round "2.44"]
[White "Zubaidullin, Rustam"]
[Black "Plenca, Julijan"]
[Result "0-1"]
[WhiteElo "1929"]
[BlackElo "2295"]
[PlyCount "52"]
[EventDate "2008.08.??"]
[EventType "swiss"]
[EventRounds "13"]
[EventCountry "TUR"]

1. e4 e6 2. d4 d5 3. Nd2 Nf6 4. e5 Nfd7 5. Bd3 c5 6. c3 Nc6 7. Ne2 cxd4 8. cxd4
f6 9. exf6 Nxf6 10. Nf3 Bd6 11. O-O Qc7 12. Bg5 O-O 13. Rc1 Bd7 14. Qc2 h6 15.
Bh4 Qb6 16. Bg3 Nb4 17. Qb1 Nxd3 18. Qxd3 Bb5 19. Qe3 Bb4 20. h3 Qa6 21. Nf4
Bxf1 22. Rxf1 Ne4 23. Nd3 Bd6 24. Nfe5 Rac8 25. Qe2 Nxg3 26. fxg3 Bxe5 0-1

[Event "World Junior Chess Championship U18 b"]
[Site "Gaziantep"]
[Date "2008.08.04"]
[Round "2.46"]
[White "Acarbay, Aydin"]
[Black "Mijovic, Stefan"]
[Result "1/2-1/2"]
[WhiteElo "1825"]
[BlackElo "2289"]
[PlyCount "70"]
[EventDate "2008.08.??"]
[EventType "swiss"]
[EventRounds "13"]
[EventCountry "TUR"]

1. d4 d5 2. c4 e6 3. cxd5 exd5 4. Nc3 c6 5. Nf3 Bf5 6. Bg5 Be7 7. Bxe7 Qxe7 8.
e3 Nf6 9. Bd3 Bxd3 10. Qxd3 Nbd7 11. O-O O-O 12. Nd2 Rae8 13. Rac1 Ne4 14.
Ndxe4 dxe4 15. Qc2 Qh4 16. f4 exf3 17. Rxf3 Qg5 18. e4 Re6 19. Rcf1 Rf6 20. e5
Rxf3 21. Rxf3 c5 22. Ne4 Qh4 23. g3 Qh5 24. Rf5 Qg4 25. dxc5 Re8 26. Rf4 Qg6
27. Qa4 Qc6 28. Qxc6 bxc6 29. b4 Nxe5 30. Nd6 Rb8 31. a3 f6 32. Kf1 Kf8 33. Ke2
Ke7 34. Kd2 Ke6 35. Kc3 a6 1/2-1/2

[Event "World Junior Chess Championship U18 b"]
[Site "Gaziantep"]
[Date "2008.08.04"]
[Round "2.48"]
[White "Ozdover, Mustafa Berkay"]
[Black "Rzayev, Bahruz"]
[Result "0-1"]
[WhiteElo "1768"]
[BlackElo "2245"]
[PlyCount "106"]
[EventDate "2008.08.??"]
[EventType "swiss"]
[EventRounds "13"]
[EventCountry "TUR"]

1. f4 e5 2. e4 d5 3. exd5 e4 4. Nc3 Nf6 5. d3 Bb4 6. Bd2 e3 7. Bxe3 O-O 8. Nge2
Nxd5 9. Bd2 Bxc3 10. bxc3 Re8 11. Kf2 Nc6 12. Ng3 f5 13. Be2 Qd6 14. Qc1 Nxc3
15. Re1 Qc5+ 16. Be3 Nd4 17. Bf3 Bd7 18. Qb2 Re7 19. Nf1 Rae8 20. Rac1 g5 21.
g3 g4 22. Bg2 Bc6 23. Bxc6 Qxc6 24. Nd2 Nde2 25. Qb3+ Qe6 26. Nc4 Qd5 27. Ne5
Rxe5 28. fxe5 Nxc1 29. Bxc1 Qxb3 30. axb3 Kf7 31. Bd2 Nb5 32. c3 c5 33. b4 cxb4
34. cxb4 Nd4 35. Bf4 Rc8 36. Ra1 a6 37. Ra5 Ke6 38. Ra1 Rc2+ 39. Ke3 Kd5 40.
Ra5+ b5 41. Bh6 Re2+ 42. Kf4 Rxe5 43. Rxa6 Ne6+ 44. Rxe6 Kxe6 45. Bf8 Re2 46.
Bc5 Rxh2 47. d4 h5 48. Kg5 h4 49. gxh4 g3 50. Kf4 g2 51. Kf3 Kd5 52. Kf2 Rxh4
53. Kxg2 Rxd4 0-1

[Event "World Junior Chess Championship U18 b"]
[Site "Gaziantep"]
[Date "2008.08.04"]
[Round "3.1"]
[White "Popov, Ivan"]
[Black "Li, Chao B"]
[Result "1/2-1/2"]
[WhiteElo "2549"]
[BlackElo "2590"]
[PlyCount "32"]
[EventDate "2008.08.??"]
[EventType "swiss"]
[EventRounds "13"]
[EventCountry "TUR"]

1. e4 c5 2. Nf3 d6 3. d4 cxd4 4. Nxd4 Nf6 5. Nc3 g6 6. Be3 Bg7 7. f3 Nc6 8. Qd2
O-O 9. O-O-O d5 10. Kb1 Nxd4 11. e5 Nf5 12. exf6 Bxf6 13. Nxd5 Qxd5 14. Qxd5
Nxe3 15. Qd2 Nxd1 16. Qxd1 Bf5 1/2-1/2

[Event "World Junior Chess Championship U18 b"]
[Site "Gaziantep"]
[Date "2008.08.04"]
[Round "3.2"]
[White "Nguyen, Ngoc Truong Son"]
[Black "Leon Hoyos, Manuel"]
[Result "1/2-1/2"]
[WhiteElo "2579"]
[BlackElo "2543"]
[PlyCount "71"]
[EventDate "2008.08.??"]
[EventType "swiss"]
[EventRounds "13"]
[EventCountry "TUR"]

1. e4 c5 2. Nc3 d6 3. Bb5+ Bd7 4. Bxd7+ Qxd7 5. Nge2 Nf6 6. O-O g6 7. h3 Bg7 8.
d3 Nc6 9. Be3 O-O 10. Qd2 b6 11. Bg5 d5 12. Bxf6 Bxf6 13. exd5 Nb4 14. Ne4 Bxb2
15. Rad1 Bg7 16. c4 e6 17. dxe6 Qxe6 18. a3 Na6 19. Nf4 Qe5 20. Nd5 Nc7 21.
Nec3 Qd6 22. Nxc7 Bxc3 23. Nb5 Bxd2 24. Nxd6 Bc3 25. Nb5 Be5 26. a4 a6 27. Na3
Rfd8 28. Nc2 Rab8 29. Rfe1 Bc3 30. Re4 b5 31. cxb5 axb5 32. axb5 Rxb5 33. Rc4
Bf6 34. Kf1 Kg7 35. g3 h5 36. Ne1 1/2-1/2

[Event "World Junior Chess Championship U18 b"]
[Site "Gaziantep"]
[Date "2008.08.04"]
[Round "3.3"]
[White "Amin, Bassem"]
[Black "Negi, Parimerjan"]
[Result "1-0"]
[WhiteElo "2561"]
[BlackElo "2529"]
[PlyCount "71"]
[EventDate "2008.08.??"]
[EventType "swiss"]
[EventRounds "13"]
[EventCountry "TUR"]

1. Nf3 c5 2. g3 Nc6 3. Bg2 g6 4. O-O Bg7 5. e4 d6 6. c3 Nf6 7. Re1 Bg4 8. h3
Bxf3 9. Qxf3 O-O 10. Rd1 Nd7 11. Qe2 Rb8 12. Na3 Qc7 13. h4 h5 14. Nc2 b5 15.
d4 a5 16. Bg5 Rfe8 17. e5 Nf8 18. Qf3 Rbc8 19. exd6 Qxd6 20. dxc5 Qxc5 21. Be3
Ne5 22. Qb7 Qc7 23. Qxb5 Rb8 24. Qa4 Nc4 25. Bf4 e5 26. Bc1 Rec8 27. b3 Nd6 28.
c4 e4 29. Bf4 Rd8 30. Qa3 Bxa1 31. Rxd6 Qe7 32. Nxa1 Ne6 33. Rxd8+ Qxd8 34.
Bxb8 Qd1+ 35. Kh2 Nd4 36. Qe7 1-0

[Event "World Junior Chess Championship U18 b"]
[Site "Gaziantep"]
[Date "2008.08.04"]
[Round "3.4"]
[White "Braun, Arik"]
[Black "Howell, David"]
[Result "1/2-1/2"]
[WhiteElo "2533"]
[BlackElo "2561"]
[PlyCount "83"]
[EventDate "2008.08.??"]
[EventType "swiss"]
[EventRounds "13"]
[EventCountry "TUR"]

1. Nf3 Nf6 2. c4 g6 3. Nc3 d5 4. Qa4+ Bd7 5. Qb3 dxc4 6. Qxc4 a6 7. d4 b5 8.
Qb3 Bg7 9. e4 c5 10. dxc5 Nc6 11. Be2 Be6 12. Qc2 Nb4 13. Qb1 Bc4 14. Bxc4 bxc4
15. O-O O-O 16. e5 Nfd5 17. Qe4 Nxc3 18. bxc3 Qd3 19. Qh4 Nc6 20. Bh6 Rfd8 21.
Rfe1 Qd5 22. Bxg7 Kxg7 23. Re4 Rab8 24. h3 Rb2 25. Rxc4 Nxe5 26. Nxe5 Qxe5 27.
c6 Rxa2 28. Rf1 Rc2 29. Qg4 e6 30. Qf3 Qd5 31. Qxd5 exd5 32. Rd1 Rc1 33. Rxc1
dxc4 34. Ra1 Rc8 35. Rxa6 Kf6 36. f4 Kf5 37. Ra5+ Ke4 38. Rc5 Kd3 39. Kf2 Kxc3
40. Ke3 Re8+ 41. Re5 Rc8 42. Ke4 1/2-1/2

[Event "World Junior Chess Championship U18 b"]
[Site "Gaziantep"]
[Date "2008.08.04"]
[Round "3.6"]
[White "Kravtsiv, Martyn"]
[Black "Safarli, Eltaj"]
[Result "0-1"]
[WhiteElo "2555"]
[BlackElo "2527"]
[PlyCount "74"]
[EventDate "2008.08.??"]
[EventType "swiss"]
[EventRounds "13"]
[EventCountry "TUR"]

1. e4 e5 2. Nf3 Nc6 3. Bb5 a6 4. Ba4 d6 5. O-O Bd7 6. c3 g6 7. d4 Bg7 8. Bg5 f6
9. Be3 Nh6 10. dxe5 dxe5 11. Bc5 Bf8 12. Bxf8 Kxf8 13. Qd2 Kg7 14. Rd1 Be8 15.
Qe3 Qe7 16. c4 Nd4 17. Bxe8 Rhxe8 18. Nxd4 exd4 19. Rxd4 Nf5 20. exf5 Qb4 21.
Re4 Rxe4 22. Qxe4 Qxb2 23. Nd2 Qxa1+ 24. Nf1 Rf8 25. fxg6 hxg6 26. Qxb7 Qxa2
27. Qxc7+ Rf7 28. Qc8 a5 29. h4 a4 30. h5 gxh5 31. Ne3 Qa1+ 32. Kh2 Qe5+ 33. g3
f5 34. Nd5 f4 35. g4 f3+ 36. Kh3 Qe1 37. Ne3 Qxe3 0-1

[Event "World Junior Chess Championship U18 b"]
[Site "Gaziantep"]
[Date "2008.08.04"]
[Round "3.7"]
[White "Sanikidze, Tornike"]
[Black "Khamrakulov, Dzhurabek"]
[Result "1-0"]
[WhiteElo "2486"]
[BlackElo "2554"]
[PlyCount "77"]
[EventDate "2008.08.??"]
[EventType "swiss"]
[EventRounds "13"]
[EventCountry "TUR"]

1. d4 d5 2. Nf3 e6 3. c4 c5 4. cxd5 exd5 5. Nc3 Nc6 6. g3 Nf6 7. Bg2 Be7 8. O-O
O-O 9. b3 Be6 10. dxc5 Bxc5 11. Bb2 a6 12. Rc1 Ba7 13. Na4 Ne4 14. Nd4 Bd7 15.
Nxc6 Bxc6 16. Bd4 Bxd4 17. Qxd4 Qe7 18. e3 Rad8 19. Rfd1 h5 20. Nc5 a5 21. Nd3
Rfe8 22. Nf4 h4 23. Rc2 hxg3 24. hxg3 f5 25. Qb6 g5 26. Ne2 Nxf2 27. Kxf2 d4
28. Rxd4 Qxe3+ 29. Kf1 f4 30. gxf4 gxf4 31. Bxc6 bxc6 32. Rxd8 Qxb6 33. Rxe8+
Kg7 34. Nxf4 a4 35. Re7+ Kf6 36. Rce2 axb3 37. R2e6+ Kg5 38. Rf7 Qb5+ 39. Kg2
1-0

[Event "World Junior Chess Championship U18 b"]
[Site "Gaziantep"]
[Date "2008.08.04"]
[Round "3.8"]
[White "Baramidze, David"]
[Black "Lin, Chen"]
[Result "1-0"]
[WhiteElo "2593"]
[BlackElo "2417"]
[PlyCount "49"]
[EventDate "2008.08.??"]
[EventType "swiss"]
[EventRounds "13"]
[EventCountry "TUR"]

1. e4 c5 2. Nf3 e6 3. d4 cxd4 4. Nxd4 a6 5. Nc3 Qc7 6. Be2 Nf6 7. a3 Nc6 8. Be3
Be7 9. f4 d6 10. g4 b5 11. Nxc6 Qxc6 12. Bf3 Bb7 13. O-O Qc7 14. Qe2 O-O 15. g5
Nd7 16. Bg2 Rfe8 17. Rae1 Bf8 18. Rf3 d5 19. Qf2 dxe4 20. Rh3 Bc5 21. Bxe4 Bxe4
22. Nxe4 Bxe3 23. Rexe3 Red8 24. Rc3 Qb7 25. Nd6 1-0

[Event "World Junior Chess Championship U18 b"]
[Site "Gaziantep"]
[Date "2008.08.04"]
[Round "3.10"]
[White "Lenic, Luka"]
[Black "Sengupta, Deep"]
[Result "1/2-1/2"]
[WhiteElo "2584"]
[BlackElo "2454"]
[PlyCount "134"]
[EventDate "2008.08.??"]
[EventType "swiss"]
[EventRounds "13"]
[EventCountry "TUR"]

1. d4 d6 2. Nf3 g6 3. c4 Bg7 4. Nc3 Nd7 5. e4 e5 6. g3 Ngf6 7. Bg2 O-O 8. O-O
Re8 9. Rb1 c6 10. d5 Nc5 11. Ne1 a5 12. Nd3 Na6 13. a3 Bd7 14. Bd2 cxd5 15.
cxd5 b5 16. b4 a4 17. Qe2 Qb8 18. Rfc1 Ra7 19. Nb2 Nc7 20. Rc2 Rc8 21. Bf1 Rb7
22. Rbc1 Nce8 23. Qe1 Bf8 24. Bd3 Ng7 25. Qe2 Nfe8 26. Nbd1 f5 27. f3 Nf6 28.
Nf2 Be7 29. Ncd1 Rxc2 30. Rxc2 Bd8 31. Kg2 Nfe8 32. Nh3 Bf6 33. Rc1 Nc7 34. Bh6
Qe8 35. Ndf2 Qf7 36. Qd2 Nce8 37. Bb1 Bd8 38. Ba2 Bb6 39. Rc6 Bd4 40. Ng5 Qe7
41. Qc2 Be3 42. h4 Nh5 43. Nd1 Ba7 44. Ne6 fxe4 45. fxe4 Nhf6 46. Qe2 Kh8 47.
Bf8 Qf7 48. Bh6 Rb8 49. Nf2 Rc8 50. Rxc8 Bxc8 51. Nh3 Qb7 52. Qf3 Kg8 53. g4
Qf7 54. g5 Nh5 55. Nf2 Qxf3+ 56. Kxf3 Bb6 57. Bb1 Nhg7 58. Bd3 Nxe6 59. dxe6
Nc7 60. e7 Kf7 61. Bf8 Ke8 62. Ng4 Bxg4+ 63. Kxg4 Be3 64. Bb1 Ne6 65. Ba2 Nxf8
66. exf8=Q+ Kxf8 67. Bd5 Bc1 1/2-1/2

[Event "World Junior Chess Championship U18 b"]
[Site "Gaziantep"]
[Date "2008.08.04"]
[Round "3.11"]
[White "Swiercz, Dariusz"]
[Black "Zhigalko, Sergei"]
[Result "0-1"]
[WhiteElo "2456"]
[BlackElo "2583"]
[PlyCount "130"]
[EventDate "2008.08.??"]
[EventType "swiss"]
[EventRounds "13"]
[EventCountry "TUR"]

1. e4 c5 2. Nf3 Nc6 3. d4 cxd4 4. Nxd4 Nf6 5. Nc3 e5 6. Ndb5 d6 7. Bg5 a6 8.
Na3 b5 9. Bxf6 gxf6 10. Nd5 Bg7 11. c3 f5 12. exf5 Bxf5 13. Nc2 Be6 14. g3 O-O
15. Bg2 a5 16. O-O Rb8 17. Qh5 f5 18. Nce3 Kh8 19. Rad1 Ne7 20. f4 e4 21. a3
Nxd5 22. Nxd5 Qc8 23. Qe2 b4 24. axb4 axb4 25. Kh1 bxc3 26. bxc3 Qc5 27. Qd2
Rb5 28. c4 Rb2 29. Qc1 Ra8 30. Rd2 Rxd2 31. Qxd2 Ra4 32. g4 Rxc4 33. Ne3 Rd4
34. Qe2 Rb4 35. gxf5 Bxf5 36. Qa6 Be6 37. f5 Bg8 38. f6 Bxf6 39. Rxf6 Qxe3 40.
Qxd6 Rb1+ 41. Bf1 Qc3 42. Rf8 Qa1 43. Rxg8+ Kxg8 44. Qd5+ Kg7 45. Qg5+ Kf7 46.
Qd5+ Kf6 47. Qd6+ Kf5 48. Qd7+ Kf4 49. Qd2+ e3 50. Qd6+ Qe5 51. Qh6+ Ke4 52.
Qxh7+ Qf5 53. Qh4+ Ke5 54. Qe7+ Kd5 55. Qd8+ Kc6 56. Qe8+ Kc7 57. Qe7+ Kc6 58.
Qe8+ Kd5 59. Qd8+ Ke4 60. Qh4+ Ke5 61. Qh8+ Qf6 62. Qe8+ Kf4 63. Qa4+ Kg5 64.
h4+ Kh6 65. Kh2 Rxf1 0-1

[Event "World Junior Chess Championship U18 b"]
[Site "Gaziantep"]
[Date "2008.08.04"]
[Round "3.12"]
[White "Kore, Akshayraj"]
[Black "Le Quang, Liem"]
[Result "1/2-1/2"]
[WhiteElo "2392"]
[BlackElo "2577"]
[PlyCount "71"]
[EventDate "2008.08.??"]
[EventType "swiss"]
[EventRounds "13"]
[EventCountry "TUR"]

1. e4 c5 2. Nf3 d6 3. d4 cxd4 4. Nxd4 Nf6 5. Nc3 g6 6. Be3 Bg7 7. f3 O-O 8. Qd2
Nc6 9. O-O-O Nxd4 10. Bxd4 Be6 11. Kb1 Qc7 12. g4 Rfc8 13. g5 Nh5 14. Bxg7 Nxg7
15. Nd5 Bxd5 16. exd5 Qc5 17. h4 a5 18. Bh3 Rc7 19. Bg4 a4 20. a3 Ra5 21. h5
gxh5 22. Bxh5 Rb5 23. Bxf7+ Kxf7 24. Rxh7 Kg8 25. g6 Nf5 26. Qe2 Ne3 27. Rh8+
Kg7 28. Rh7+ Kf6 29. Rg1 Qxc2+ 30. Qxc2 Rxc2 31. Rf7+ Ke5 32. Rxe7+ Kf5 33.
Rf7+ Ke5 34. Re7+ Kf5 35. Rf7+ Ke5 36. Re7+ 1/2-1/2

[Event "World Junior Chess Championship U18 b"]
[Site "Gaziantep"]
[Date "2008.08.04"]
[Round "3.14"]
[White "Gupta, Abhijeet"]
[Black "Caspi, Israel"]
[Result "1-0"]
[WhiteElo "2551"]
[BlackElo "2412"]
[PlyCount "87"]
[EventDate "2008.08.??"]
[EventType "swiss"]
[EventRounds "13"]
[EventCountry "TUR"]

1. d4 Nf6 2. c4 g6 3. Nc3 Bg7 4. e4 d6 5. f3 O-O 6. Be3 c5 7. d5 e6 8. Nge2
exd5 9. cxd5 Nbd7 10. Ng3 h5 11. Be2 Ne5 12. O-O Nh7 13. Qd2 h4 14. Nh1 f5 15.
Nf2 Bd7 16. a4 Qf6 17. Nh3 Rae8 18. Nb5 fxe4 19. fxe4 Qe7 20. Ng5 Ng4 21. Bxg4
Bxg4 22. h3 Bc8 23. Ne6 Bxe6 24. dxe6 Be5 25. Rfd1 Rd8 26. Bh6 Rf6 27. Rac1 b6
28. b4 a6 29. Nc3 Qxe6 30. Nd5 Rf7 31. Nxb6 cxb4 32. Nd5 a5 33. Rf1 Nf6 34. Qg5
Bd4+ 35. Kh1 Kh7 36. Qxh4 Rh8 37. Be3+ Kg7 38. Qxh8+ Kxh8 39. Bxd4 Qxe4 40.
Rc8+ Kg7 41. Bxf6+ Rxf6 42. Rc7+ Kh6 43. Rh7+ Kg5 44. Nxf6 1-0